Assessing the Impact of Land use/Land Cover Changes on Land Surface Temperature in Mazabuka District of Zambia/ (Record no. 1588)
[ view plain ]
| 000 -LEADER | |
|---|---|
| fixed length control field | 00494nam a22001457a 4500 |
| 005 - DATE AND TIME OF LATEST TRANSACTION | |
| control field | 20250225104357.0 |
| 008 - FIXED-LENGTH DATA ELEMENTS--GENERAL INFORMATION | |
| fixed length control field | 250225b |||||||| |||| 00| 0 eng d |
| 040 ## - CATALOGING SOURCE | |
| Original cataloging agency | KMU |
| Transcribing agency | KMU |
| Modifying agency | KMU |
| 100 ## - MAIN ENTRY--PERSONAL NAME | |
| Personal name | Sikampa, Evans |
| 245 ## - TITLE STATEMENT | |
| Title | Assessing the Impact of Land use/Land Cover Changes on Land Surface Temperature in Mazabuka District of Zambia/ |
| Statement of responsibility, etc. | Evans Sikampa |
| 260 ## - PUBLICATION, DISTRIBUTION, ETC. | |
| Place of publication, distribution, etc. | Chinsali: |
| Name of publisher, distributor, etc. | Kapasa Makasa University, |
| Date of publication, distribution, etc. | 2021. |
| 300 ## - PHYSICAL DESCRIPTION | |
| Extent | viii, 21p.: |
| Other physical details | ill; |
| Dimensions | 30 cm. |
| 650 ## - SUBJECT ADDED ENTRY--TOPICAL TERM | |
| Topical term or geographic name entry element | Agro-forestry |
| 942 ## - ADDED ENTRY ELEMENTS (KOHA) | |
| Koha item type | Reference |
| Suppress in OPAC | No |
No items available.